| 000 | 00428nam a2200133Ia 4500 | ||
|---|---|---|---|
| 008 | 220217s9999||||xx |||||||||||||| ||und|| | ||
| 020 | _a81-7366-569-9 | ||
| 082 | _a004.6 BAR | ||
| 100 | _aBarken, Lee. Bermel, Eric. Eder, John. Fanady, Matthew. Mee, | ||
| 245 | 0 | _aWireless hacking projects for wi fi enthusiats | |
| 260 |
_aShroff publishers and dist.Pvt. _bMumbai _c2005 |
||
| 300 | _b375 | ||
| 650 | _aCOMPUTER NETWORK | ||
| 999 |
_c176735 _d176735 |
||